What's in a Bud? Quiz Stats

 Plays Quiz Updated Sep 10, 2019

Score 0/5 Timer 00:30
1 Play Today
% Correct
Water
91.9%
Hops
90.3%
Barley/Malt
83.5%
Yeast
64.2%
Rice
18.7%

You're not logged in!

Compare scores with friends on all Sporcle quizzes.
OR
Log In

Sporcle TV

Today on Sporcle TV


Watch our educational content, quiz creation guides, and fun videos on Sporcle TV.

Show Comments

Extras

Top Quizzes Today


Score Distribution

Your Account Isn't Verified!

In order to create a playlist on Sporcle, you need to verify the email address you used during registration. Go to your Sporcle Settings to finish the process.

Report this User

Report this user for behavior that violates our Community Guidelines.

Details: